Statistiques concernant Pays de la couronne de Bohême

Cliquez ici pour prendre le quiz!

Statistiques générales

  • Ce quiz a été pris 10 fois
  • Le résultat moyen est 3 sur 5

Statistiques - réponses

Answer % Correct
Royaume de Bohême
100%
Margraviat de Moravie
83%
Duchés de Silésie
67%
Margraviat de Haute-Lusace
17%
Margraviat de Basse-Lusace
17%

Distribution des résultats

Percentile by Number Answered

% des personnes avec chaque résultat

Votre développement - résultats

Vous n’avez pas pris ce quiz